00577 2200217 4500001002100000005001700021008004100038020001800079035002400097090001900121100002100140245003100161250001100192260003400203300003400237650002100271700002200292850001500314999001500329999001500344YOGYA-101000000020552010100509560439 ind  a979-26-1775-2 0010-101000000002055 a004.692 AL-J K aAL-JAWI , Arjuna aKumpulan SMS I love U full aCet. 1 aYogyakartabCitra Mediac2009 aVI , 118 hlm .: ilus .; 15 cm asurat elektronik aMasykur, Muhammad aYOPDYOG[B] aB10KS01657 aB10KS01658